Huitième de finale - Ligue des Champions 2024-2025 - Statistiques

Statistiques générales
  • Ce quiz a été pris 117 fois
  • Le résultat moyen est 13 sur 16
Statistiques - réponses
Pays Club % Correct
(Anglais) Liverpool
99%
(France) Paris Saint-Germain
96%
(Espagne) Real Madrid
85%
(Espagne) FC Barcelone
83%
(Anglais) Aston Villa
82%
(Portugal) Benfica
82%
(Espagne) Atletico Madrid
80%
(Italie) Inter Milan
80%
(Allemagne) Borussia Dortmund
79%
(Anglais) Arsenal
78%
(France) LOSC Lille
78%
(Allemagne) Bayern Munich
77%
(Allemagne) Bayer Leverkusen
76%
(Pays-Bas) PSV Eindhoven
68%
(Belgique) Club Brugge
65%
(Pays-Bas) Feyenoord
64%
Aucun quiz correspondant
Distribution des résultats
% des personnes avec chaque résultat
Percentile par nombre de réponses
Votre historique - résultats
Vous n’avez pas pris ce quiz